[Event "AUTO-OPEN-861"]
[Site "http://www.queenalice.com/game.php?id=346850"]
[Date "2008.2.1"]
[Round "2"]
[White "Paked"]
[Black "zoneblitz"]
[Result "0-1"]
[WhiteElo "1929"]
[BlackElo "1917"]

1. e4 e5 2. Nf3 Nc6 3. Bb5 a6 4. Ba4 d6 5. Bxc6+ bxc6 6. O-O Nf6 7. d3 Be7 8.
Nc3 O-O 9. d4 exd4 10. Nxd4 Qe8 11. Qf3 Ng4 12. Nf5 Ne5 13. Qg3 Bf6 14. Bh6 Ng6
15. Bg5 Bxg5 16. Qxg5 Qe5 17. f4 Qc5+ 18. Kh1 Re8 19. Rae1 Rb8 20. h4 f6 21. Qg4
Bxf5 22. exf5 Rxe1 23. Rxe1 Qf2 24. Re2 Qxh4+ 25. Qxh4 Nxh4 26. b3 Nxf5 27. Kh2
Kf7 28. g4 Nd4 29. Rf2 f5 30. g5 h6 31. Kg3 hxg5 32. fxg5 Re8 33. Kf4 Kg6 34.
Rd2 Ne6+ 0-1

[Event "AUTO-OPEN-954"]
[Site "http://www.queenalice.com/game.php?id=398230"]
[Date "2008.5.5"]
[Round "2"]
[White "zoneblitz"]
[Black "Harry28"]
[Result "0-1"]
[WhiteElo "1949"]
[BlackElo "1964"]

1. e4 d6 2. d4 Nf6 3. Nc3 c6 4. f4 Bg4 5. Qd2 e5 6. dxe5 dxe5 7. Qxd8+ Kxd8 8.
fxe5 Nfd7 9. Bf4 Bb4 10. Be2 Bxc3+ 11. bxc3 Bxe2 12. Nxe2 Nc5 13. Ng3 Nbd7 0-1

[Event "AUTO-OPEN-954"]
[Site "http://www.queenalice.com/game.php?id=398231"]
[Date "2008.5.5"]
[Round "2"]
[White "Harry28"]
[Black "zoneblitz"]
[Result "1-0"]
[WhiteElo "1941"]
[BlackElo "1949"]

1. f4 d5 2. Nf3 Nf6 3. e3 e6 4. d4 c5 5. c3 Bd6 6. Bd3 O-O 7. O-O Nc6 8. Nbd2
cxd4 9. cxd4 b6 10. Ne5 Nb4 11. Bb1 Bb7 12. Ndf3 1-0

[Event "Challenge #01"]
[Site "http://www.queenalice.com/game.php?id=650157"]
[Date "2009.9.10"]
[Round "-"]
[White "Aylton"]
[Black "zoneblitz"]
[Result "0-1"]
[WhiteElo "1904"]
[BlackElo "2017"]

1. d4 d5 2. Nf3 Nf6 3. e3 Nc6 4. h3 e6 5. c4 Be7 6. Nc3 O-O 7. a3 Ne4 8. Nxe4
dxe4 9. Nd2 f5 10. Be2 a5 11. O-O a4 12. b4 axb3 13. Qxb3 f4 14. Nxe4 fxe3 15.
fxe3 Nxd4 16. exd4 Qxd4+ 17. Be3 Rxf1+ 18. Rxf1 Qxe4 19. Bf3 Qe5 20. Bc1 Bc5+
21. Kh1 Bd6 22. Kg1 Qh2+ 23. Kf2 Bc5+ 24. Ke2 Qe5+ 25. Kd2 Bd7 26. Qxb7 Qe3+ 27.
Kc2 Ba4+ 28. Kb2 Qxa3+ 29. Kb1 Qd3+ 30. Ka1 Ra5 31. Qxc7 Bd4+ 32. Bb2 Qa3+ 0-1

[Event "Challenge #02"]
[Site "http://www.queenalice.com/game.php?id=650158"]
[Date "2009.9.10"]
[Round "-"]
[White "zoneblitz"]
[Black "Aylton"]
[Result "1-0"]
[WhiteElo "2002"]
[BlackElo "1988"]

1. e4 c5 2. Nf3 Nc6 3. Nc3 e6 4. Bb5 Nge7 5. d3 a6 6. Ba4 b5 7. Bb3 Bb7 8. Bg5
f6 9. Be3 Qb6 10. O-O O-O-O 11. a4 b4 12. a5 Nxa5 13. Na4 Qc7 14. Bxc5 Nxb3 15.
cxb3 Nc6 16. Bb6 Qd6 17. Bxd8 Kxd8 18. d4 Qf4 19. Re1 g5 20. Nc5 Bxc5 21. dxc5
h5 22. Qd3 e5 23. Qd6 h4 24. Rad1 Rh7 25. Qf8+ Kc7 26. Rd6 Nd4 27. Re3 Nxf3+ 28.
gxf3 f5 29. Rf6 Qxe3 30. Qd6+ 1-0

[Event "AUTO-MASTER-903"]
[Site "http://www.queenalice.com/game.php?id=650463"]
[Date "2009.9.11"]
[Round "1"]
[White "toninho89"]
[Black "zoneblitz"]
[Result "0-1"]
[WhiteElo "2157"]
[BlackElo "2028"]

1. d4 d5 2. c4 e6 3. Nc3 Nf6 4. Bg5 Bb4 5. cxd5 exd5 6. e3 O-O 7. Bd3 h6 8. Bh4
Nc6 9. Ne2 Be6 10. Nf4 g5 0-1

[Event "AUTO-MASTER-903"]
[Site "http://www.queenalice.com/game.php?id=650479"]
[Date "2009.9.11"]
[Round "1"]
[White "jeantomasia"]
[Black "zoneblitz"]
[Result "0-1"]
[WhiteElo "2249"]
[BlackElo "2093"]

1. e4 e5 2. Nf3 Nc6 3. Bb5 Bc5 4. O-O Nf6 5. d3 d6 6. Bg5 O-O 7. c3 h6 8. Bh4
Bd7 9. Nbd2 a6 10. Ba4 b5 11. Bc2 Bb6 12. Nb3 Re8 13. h3 Rb8 14. Re1 a5 15. d4
a4 16. Nc1 exd4 17. cxd4 g5 18. Bg3 d5 19. e5 Ne4 20. Rxe4 dxe4 21. Bxe4 f5 22.
Bd5+ Kg7 23. e6 Rxe6 24. Bxe6 Bxe6 25. Qe2 Bc4 26. Be5+ Nxe5 27. Qxe5+ Qf6 28.
Qe3 f4 29. Qe4 Qg6 30. Qe1 Re8 31. Qc3 Qf5 32. b3 Bd5 33. Nd3 Bxf3 34. gxf3 axb3
35. axb3 Qxh3 0-1

[Event "AUTO-MASTER-903"]
[Site "http://www.queenalice.com/game.php?id=650480"]
[Date "2009.9.11"]
[Round "1"]
[White "zoneblitz"]
[Black "jeantomasia"]
[Result "1-0"]
[WhiteElo "2069"]
[BlackElo "2267"]

1. e4 c5 2. Nf3 d6 3. Bb5+ Bd7 4. Nc3 Bxb5 5. Nxb5 a6 6. Nc3 Nc6 7. O-O g6 8. d4
cxd4 9. Nxd4 Bg7 10. Nxc6 bxc6 11. Qf3 Qc7 12. Bf4 Nf6 13. e5 Nd7 14. exd6 exd6
15. Ne4 Ne5 16. Qa3 c5 17. Qa4+ Ke7 18. Rad1 Rhd8 19. Rfe1 Kf8 20. Bg5 Rd7 21.
Nf6 Bxf6 22. Bxf6 Re7 23. Qf4 Re6 24. Qh6+ Ke8 25. Qg7 Kd7 26. Bxe5 Kc6 27. Bg3
Rae8 28. Rxe6 Rxe6 29. Qxh7 Qe7 30. f3 1-0

[Event "AUTO-MASTER-903"]
[Site "http://www.queenalice.com/game.php?id=650491"]
[Date "2009.9.11"]
[Round "1"]
[White "zoneblitz"]
[Black "MalucoO"]
[Result "1-0"]
[WhiteElo "1957"]
[BlackElo "2140"]

1. e4 c5 2. Nf3 e6 3. Nc3 Nc6 4. Bb5 Nge7 5. d3 a6 6. Ba4 g6 7. Bg5 b5 8. Bf6
Rg8 9. Bb3 Bg7 10. Bxg7 Rxg7 11. a4 Rb8 12. axb5 axb5 13. Qd2 Kf8 14. O-O d5 15.
Qg5 c4 16. dxc4 bxc4 17. Ba4 Bd7 18. Rfd1 Nb4 19. Ne5 Bxa4 20. Rxa4 Qc7 21. Rxb4
Rxb4 22. exd5 Rb6 23. Nb5 Qd8 24. d6 f6 25. Qxf6+ Kg8 26. Nc7 1-0

[Event "AUTO-MASTER-903"]
[Site "http://www.queenalice.com/game.php?id=650492"]
[Date "2009.9.11"]
[Round "1"]
[White "MalucoO"]
[Black "zoneblitz"]
[Result "0-1"]
[WhiteElo "2123"]
[BlackElo "1980"]

1. e4 e5 2. Nf3 Nc6 3. Bb5 Bc5 4. c3 Nf6 5. d3 O-O 6. Bg5 h6 7. Bh4 d6 8. h3 Bd7
9. Nbd2 a6 10. Ba4 b5 11. Bc2 g5 12. Nxg5 hxg5 13. Bxg5 Kg7 14. Qf3 Rh8 15.
O-O-O Kg6 16. d4 Kxg5 17. dxc5 Kh6 18. g4 Kg7 19. cxd6 cxd6 20. Bb3 Qe7 21. h4
Na5 22. h5 Nxb3+ 23. Nxb3 Bxg4 24. Rdg1 Qe6 25. Rh4 Kf8 26. Rhxg4 Nxg4 27. Rxg4
Rxh5 0-1

[Event "AUTO-MASTER-903"]
[Site "http://www.queenalice.com/game.php?id=739475"]
[Date "2010.3.1"]
[Round "2"]
[White "zoneblitz"]
[Black "jotu"]
[Result "1-0"]
[WhiteElo "2153"]
[BlackElo "2291"]

1. e4 c5 2. Nf3 Nc6 3. d4 cxd4 4. Nxd4 Nf6 5. Nc3 e5 6. Ndb5 d6 7. Nd5 Nxd5 8.
exd5 Nb8 9. Be2 a6 10. Nc3 Be7 11. O-O O-O 12. Kh1 f5 13. f4 Nd7 14. a4 Bf6 15.
a5 exf4 16. Bxf4 Ne5 17. Qd2 Bd7 18. Na4 Qc7 19. Nb6 Rae8 20. c3 Bb5 21. Bxb5
axb5 22. Bxe5 Bxe5 23. Rae1 Qe7 24. g3 g6 25. Qd3 b4 26. cxb4 Qg7 27. Nc4 Bxb2
28. Nxd6 Rxe1 29. Rxe1 Bc3 30. Rb1 Rd8 31. Nb5 Bf6 32. d6 Qf7 33. Re1 Rd7 34.
Nc7 h5 35. b5 Qa2 36. a6 bxa6 37. b6 Qf2 38. Qe2 Qxe2 39. Rxe2 Rxd6 40. b7 1-0

[Event "AUTO-MASTER-903"]
[Site "http://www.queenalice.com/game.php?id=739476"]
[Date "2010.3.1"]
[Round "2"]
[White "jotu"]
[Black "zoneblitz"]
[Result "0-1"]
[WhiteElo "2275"]
[BlackElo "2169"]

1. e4 e5 2. Nf3 Nc6 3. Bb5 a6 4. Ba4 Nf6 5. O-O b5 6. Bb3 Bd6 7. Re1 O-O 8. d4
Bb7 9. c3 h6 10. a4 Re8 11. d5 Na5 12. Ba2 c6 13. b4 Nc4 14. Bxc4 bxc4 15. dxc6
dxc6 16. Na3 c5 17. Nxc4 Re6 18. Nxd6 Rxd6 19. Qb3 Re6 20. Nd2 cxb4 21. Qxb4 Bc6
22. f3 Rb8 23. Qc4 Bd7 24. Qd3 Qc7 25. c4 Rd6 26. Qc2 Qc5+ 27. Kh1 Qf2 28. Rf1
Qe2 29. Qd1 Qe3 30. Ra3 Rd3 31. Ra2 Be6 32. Qe1 Qc5 33. a5 Rbd8 34. g3 Qb4 35.
Qf2 Qc3 36. Ra3 Qc2 37. Rxd3 Rxd3 38. Kg2 Rc3 39. Kg1 Bh3 40. Re1 Qxc1 0-1

[Event "AUTO-MASTER-903"]
[Site "http://www.queenalice.com/game.php?id=739477"]
[Date "2010.3.1"]
[Round "2"]
[White "zoneblitz"]
[Black "danbots5k"]
[Result "1-0"]
[WhiteElo "2118"]
[BlackElo "2244"]

1. e4 c5 2. Nf3 Qa5 3. Nc3 Nc6 4. Bc4 d6 5. d3 Nf6 6. Bd2 Qd8 7. O-O g6 8. e5
dxe5 9. Re1 Bg7 10. Nxe5 Nxe5 11. Rxe5 Ng4 12. Rd5 Qc7 13. Bf4 e5 14. Nb5 Qe7
15. Nd6+ Kf8 16. Nxc8 Rxc8 17. Qxg4 f5 18. Qg5 exf4 19. Rxf5+ gxf5 20. Qxf5+ Bf6
21. Qxc8+ Kg7 22. Qg4+ Kh6 23. Qxf4+ Bg5 24. Qg4 Re8 25. Rf1 Qe2 26. Qh3+ Kg6
27. Bd5 Kg7 28. Be4 h6 29. Qf5 1-0

[Event "AUTO-MASTER-903"]
[Site "http://www.queenalice.com/game.php?id=739478"]
[Date "2010.3.1"]
[Round "2"]
[White "danbots5k"]
[Black "zoneblitz"]
[Result "0-1"]
[WhiteElo "2217"]
[BlackElo "2139"]

1. h4 e5 2. d3 d5 3. g3 Nc6 4. Bg2 Nf6 5. Bg5 Be6 6. Nc3 Qd7 7. Bh3 Bxh3 8. Nxh3
d4 9. Nb1 Ng4 10. Kf1 h6 11. Bc1 Be7 12. c4 O-O-O 13. Nd2 g5 14. h5 f5 15. Qa4
e4 16. a3 exd3 17. exd3 f4 18. gxf4 Ne3+ 19. Ke2 Qg4+ 20. Nf3 Rhe8 21. fxe3 dxe3
22. Bxe3 Bc5 23. Ng1 Rxe3+ 24. Kd2 Rexd3+ 25. Kc2 Qf5 0-1

[Event "Challenge #01"]
[Site "http://www.queenalice.com/game.php?id=740590"]
[Date "2010.3.3"]
[Round "-"]
[White "Aylton"]
[Black "zoneblitz"]
[Result "0-1"]
[WhiteElo "1932"]
[BlackElo "2111"]

1. d4 d5 2. Nf3 Nf6 3. e3 Bf5 4. c4 e6 5. Nc3 Nc6 6. a3 Be7 7. Bd3 dxc4 8. Bxc4
O-O 9. O-O Qd7 10. h3 Nd5 11. Nxd5 exd5 12. Bb5 Qe6 13. Re1 Qg6 14. Kf1 Bc2 15.
Qd2 Rfe8 16. Bxc6 Qxc6 17. Ne5 Qa4 18. Re2 Bb3 19. Kg1 Bd6 20. Nd3 b6 21. f3 Bc4
22. Re1 Bg3 23. Rd1 Rxe3 24. Nb4 Re2 0-1

[Event "Challenge #02"]
[Site "http://www.queenalice.com/game.php?id=740591"]
[Date "2010.3.3"]
[Round "-"]
[White "zoneblitz"]
[Black "Aylton"]
[Result "1-0"]
[WhiteElo "2134"]
[BlackElo "1893"]

1. e4 c5 2. Nf3 Nc6 3. d4 cxd4 4. Nxd4 e5 5. Nxc6 bxc6 6. Nc3 Nf6 7. Be2 Bb4 8.
Qd3 O-O 9. O-O Bxc3 10. bxc3 a5 11. Re1 Ba6 12. c4 d5 13. exd5 cxd5 14. Qg3 Re8
15. Bh6 g6 16. Rad1 d4 17. Bf3 e4 18. Be2 Rc8 19. Be3 dxe3 20. Rxd8 Rcxd8 21.
Qxe3 Rc8 22. Qc3 Kg7 23. Rd1 Rc6 24. g4 h6 25. h4 g5 26. hxg5 hxg5 27. Rd5 Kg6
28. Rxa5 Rec8 29. Qe5 Nh7 30. Rxa6 Rxa6 31. Qf5+ Kg7 32. Qxc8 Rxa2 33. Qf5 Rxc2
34. Qxe4 Rc1+ 35. Kh2 Re1 36. Qe5+ Kg8 37. c5 1-0